One to one : a teacher's handbook

Bibliographic Details
Main Author: Wilberg, Peter
Format: Book
Published: London : Language Teaching Publications , 1987
Subjects:

MARC

LEADER 00000cam a2200000 7i4500
001 0000005209
002 000005631
005 .0
020 |a 0906717612 
090 0 0 |a 420   |b WIL 
100 1 |a Wilberg, Peter 
245 1 0 |a One to one :   |b a teacher's handbook   |c Peter Wilberg 
260 |a London :   |b Language Teaching Publications ,   |c 1987 
300 |a 160p. :   |b ill ;   |c 24cm. 
650 0 0 |a English language   |x Study and teaching 
999 |a 030415   |b BUKU   |c PINJAMAN   |e PERPUSTAKAAN KOMUNITI PETALING JAYA 
999 |a 030416   |b BUKU   |c PINJAMAN   |e PERPUSTAKAAN KOMUNITI PETALING JAYA